Please understand me II : (Record no. 22822)
[ view plain ]
| 000 -LEADER | |
|---|---|
| fixed length control field | 00836cam a22002655a 4500 |
| 001 - CONTROL NUMBER | |
| control field | 4991055 |
| 005 - DATE AND TIME OF LATEST TRANSACTION | |
| control field | 20161024123039.0 |
| 008 - FIXED-LENGTH DATA ELEMENTS--GENERAL INFORMATION | |
| fixed length control field | 981215t1998 caua frb 000 0 eng d |
| 020 ## - INTERNATIONAL STANDARD BOOK NUMBER | |
| International Standard Book Number | 9781885705020 |
| 040 ## - CATALOGING SOURCE | |
| Original cataloging agency | DLC |
| Transcribing agency | DLC |
| Language of cataloging | eng |
| Modifying agency | EG-ScBUE |
| 082 04 - DEWEY DECIMAL CLASSIFICATION NUMBER | |
| Classification number | 155.26 |
| Edition number | 22 |
| Item number | KEI |
| 100 1# - MAIN ENTRY--PERSONAL NAME | |
| Personal name | Keirsey, David. |
| 245 10 - TITLE STATEMENT | |
| Title | Please understand me II : |
| Remainder of title | temperament, character, intelligence / |
| Statement of responsibility, etc | David Keirsey. |
| 246 3# - VARYING FORM OF TITLE | |
| Title proper/short title | Please understand me 2 |
| 246 3# - VARYING FORM OF TITLE | |
| Title proper/short title | Please understand me two |
| 250 ## - EDITION STATEMENT | |
| Edition statement | 1st ed. |
| 260 ## - PUBLICATION, DISTRIBUTION, ETC. (IMPRINT) | |
| Place of publication, distribution, etc | Del Mar : |
| Name of publisher, distributor, etc | Prometheus Nemesis, |
| Date of publication, distribution, etc | c.1998. |
| 300 ## - PHYSICAL DESCRIPTION | |
| Extent | 350 p. : |
| Other physical details | ill. ; |
| Dimensions | 23 cm. |
| 500 ## - GENERAL NOTE | |
| General note | Rev. ed. of: Please understand me. 3rd ed. c1978. |
| 504 ## - BIBLIOGRAPHY, ETC. NOTE | |
| Bibliography, etc | Bibliography : p. 343-345. |
| 650 #7 - SUBJECT ADDED ENTRY--TOPICAL TERM | |
| Topical term or geographic name as entry element | Typology (Psychology) |
| Source of heading or term | BUEsh |
| 650 #0 - SUBJECT ADDED ENTRY--TOPICAL TERM | |
| Topical term or geographic name as entry element | Temperament. |
| Source of heading or term | BUEsh |
| 653 ## - INDEX TERM--UNCONTROLLED | |
| Resource For college | Engineering, General |
| Arrived date list | October2016 |
| 942 ## - ADDED ENTRY ELEMENTS (KOHA) | |
| Source of classification or shelving scheme | Dewey Decimal Classification |
| Withdrawn status | Item status | Source of classification or shelving scheme | Damaged status | Not for loan | Vendor | Home library | Current library | Shelving location | Date acquired | Source of acquisition | Cost, normal purchase price | Total Checkouts | Total Renewals | Full call number | Barcode | Date last seen | Date last borrowed | Koha item type |
|---|---|---|---|---|---|---|---|---|---|---|---|---|---|---|---|---|---|---|
| Dewey Decimal Classification | Baccah | Central Library | Central Library | Lower Floor | 24/10/2016 | Purchase | 420.00 | 3 | 35 | 155.26 KEI | 000034501 | 15/07/2025 | 02/03/2024 | Book - Borrowing |